Normal view
MARC view
- Jiménez Soria, Ángeles
Entry Nombre Personal
001 - NUMERO DE CONTROL
- campo de control: 59185
003 - IDENTIFICADOR DE NUMERO DE CONTROL
- campo de control: MX-MxUPN
005 - FECHA Y HORA DE LA ÜLTIMA TRANSACCIÓN
- campo de control: 20260326152901.0
008 - DATOS DE LONGITUD FIJA
- campo de control de longitud fija: 260326nn acnnnaabn a aaa d
040 ## - FUENTE DE CATALOGACIÓN
- Agencia original de catalogación: MX-MxUPN
- Lenguaje de catalogación: spa
100 1# - ENCABEZAMIENTO - NOMBRE PERSONAL
- Nombre personal: Jiménez Soria, Ángeles
400 1# - VEÁSE - NOMBRE DE PERSONA
- Personal name: Soria, Ángeles Jiménez
400 1# - VEÁSE - NOMBRE DE PERSONA
- Personal name: Jiménez, Soria
670 ## - FUENTE EN LA QUE SE LOCALIZARON DATOS
- Cita de la fuente: ¿En qué se parecen un elefante y un gato?, 1999 :
- Información localizada: portada (Ángeles Jiménez) página 32 (Ángeles Jiménez Soria)
902 ## - CATALOGADOR
- Catalogador: VíctorGodínez/260326
